Die 10 wirtschaftlich stärksten Länder Asiens - Statistiken

Allgemein
  • Dieses Quiz wurde 17.226 mal gespielt
  • Das Durchschnittsergebnis liegt bei 8 aus 10
Antwortstatistiken
BIP Land % Korrekt
28,2 Bio China
100%
5,71 Bio Japan
97%
10,9 Bio Indien
95%
2,56 Bio Südkorea
89%
3,74 Bio Indonesien
82%
1,38 Bio Thailand
80%
1,87 Bio Saudi-Arabien
77%
1,47 Bio Iran
69%
3,00 Bio Türkei
61%
1,50 Bio Taiwan
57%
Keine übereinstimmenden Quizze gefunden
Verteilung der Resultate
Anzahl Personen mit jedem Resultat
Perzentil nach korrekt beantworteten Fragen
Ihre Resultats-Entwicklung
Sie haben dieses Quiz noch nicht gespielt